[Event "XXVII C.to Italiano a squadre A1"]
[Site "ITA"]
[Date "1995.??.??"]
[Round "?"]
[White "Tatai, Stefano"]
[Black "Lostuzzi, Manlio"]
[Result "0-1"]
[WhiteElo "2430"]
[BlackElo "2325"]
[PlyCount "82"]
[EventDate "1995.01.25"]

1. e4 e5 2. Nf3 Nc6 3. Bb5 Bc5 4. O-O Qf6 5. Nc3 Nge7 6. d3 h6 7. Be3 Bb6 8.
Re1 O-O 9. h3 d6 10. Bxc6 bxc6 11. d4 Ng6 12. Na4 Nf4 13. Bxf4 Qxf4 14. Qd3 Re8
15. c4 exd4 16. Nxd4 Bd7 17. Re2 Re5 18. Re3 Bxd4 19. Qxd4 c5 20. Qd1 Rb8 21.
Nc3 Rxb2 22. Qe1 Bc6 23. Rb1 Rb6 24. Rb3 Qf6 25. Ra3 a6 26. Rb3 Re8 27. Qb1
Reb8 28. Nd5 Bxd5 29. exd5 Rb4 30. Qc2 Qa1+ 31. Kh2 Qd4 32. Re4 Qf6 33. Qd3 g6
34. Qe3 Kg7 35. Qd3 Qxf2 36. Re7 Qf4+ 37. g3 Qxc4 38. Qf3 Rf8 39. Rxc7 Ra4 40.
a3 Qc2+ 41. Kg1 Rc4 0-1

[Event "XXVII C.to Italiano a squadre A1"]
[Site "ITA"]
[Date "1995.??.??"]
[Round "?"]
[White "Tatai, Stefano"]
[Black "Ortega, Lexy"]
[Result "1-0"]
[WhiteElo "2430"]
[BlackElo "2435"]
[PlyCount "86"]
[EventDate "1995.01.25"]

1. e4 c5 2. Nf3 d6 3. d4 cxd4 4. Nxd4 Nf6 5. Nc3 a6 6. Bg5 e6 7. f4 Nbd7 8. Qf3
Qc7 9. O-O-O b5 10. Bd3 Bb7 11. Rhe1 O-O-O 12. Kb1 Be7 13. Bxf6 Nxf6 14. g4 b4
15. Nce2 d5 16. e5 Ne4 17. Ng3 Bh4 18. Qe3 Qb6 19. Bxe4 dxe4 20. Re2 Bxg3 21.
hxg3 Rd7 22. Red2 Rhd8 23. Kc1 Bd5 24. Nf5 Qa5 25. Nd6+ Rxd6 26. exd6 Rxd6 27.
a3 Rc6 28. Rd4 bxa3 29. Qxa3 Qxa3 30. bxa3 Rc3 31. Rg1 Rxa3 32. Kb2 Rf3 33. g5
h6 34. gxh6 gxh6 35. Ra4 Kb7 36. Ra3 Rf2 37. Kc3 f5 38. Rb1+ Kc7 39. Rxa6 e3
40. Ra7+ Kc6 41. Re1 e2 42. Kd4 h5 43. c4 Be4 1-0

[Event "XXVII C.to Italiano a squadre A1"]
[Site "ITA"]
[Date "1995.??.??"]
[Round "?"]
[White "Tatai, Stefano"]
[Black "Tirabassi, Maurizio"]
[Result "1/2-1/2"]
[WhiteElo "2430"]
[BlackElo "2330"]
[PlyCount "55"]
[EventDate "1995.01.25"]

1. e4 c5 2. Nf3 e6 3. d4 cxd4 4. Nxd4 Nf6 5. Nc3 d6 6. g4 Be7 7. g5 Nfd7 8. h4
Nc6 9. Be3 O-O 10. Qe2 a6 11. O-O-O Nxd4 12. Bxd4 b5 13. f4 b4 14. Na4 Bb7 15.
b3 Qc7 16. Bg2 e5 17. Be3 exf4 18. Bxf4 Rfe8 19. Qd2 Rac8 20. Rhe1 Nc5 21. Nxc5
Qxc5 22. e5 Bxg2 23. exd6 Bf3 24. d7 Bxd1 25. dxe8=Q+ Rxe8 26. Qxd1 Rd8 27. Qe2
Bd6 28. Bxd6 1/2-1/2

[Event "XXVII C.to Italiano a squadre A1"]
[Site "ITA"]
[Date "1995.??.??"]
[Round "?"]
[White "Tirabassi, Maurizio"]
[Black "Belotti, Bruno"]
[Result "1/2-1/2"]
[WhiteElo "2330"]
[BlackElo "2405"]
[PlyCount "72"]
[EventDate "1995.01.25"]

1. c4 g6 2. Nc3 Bg7 3. d4 Nf6 4. e4 d6 5. f3 O-O 6. Bg5 c5 7. d5 e6 8. Qd2 exd5
9. cxd5 h6 10. Bxh6 Nxe4 11. Nxe4 Qh4+ 12. g3 Qxh6 13. Qxh6 Bxh6 14. Nxd6 Nd7
15. f4 Nb6 16. Bg2 Rd8 17. Nxc8 Raxc8 18. O-O-O Bg7 19. Ne2 Nc4 20. Nc3 b5 21.
Rhe1 Nxb2 22. Kxb2 b4 23. Re7 Bxc3+ 24. Kc2 Bf6 25. Rb7 Rd6 26. Kb3 c4+ 27.
Kxb4 c3 28. Rc1 c2 29. Be4 Re8 30. Bd3 Rxd5 31. Bc4 a5+ 32. Ka4 Re4 33. Rxc2
Rc5 34. Kb3 Re3+ 35. Ka4 Re4 36. Kb3 Re3+ 1/2-1/2

[Event "XXVII C.to Italiano a squadre A1"]
[Site "ITA"]
[Date "1995.??.??"]
[Round "?"]
[White "Tirabassi, Maurizio"]
[Black "Luciani, Carlo"]
[Result "1-0"]
[WhiteElo "2330"]
[BlackElo "2275"]
[PlyCount "79"]
[EventDate "1995.01.25"]

1. c4 Nf6 2. Nf3 g6 3. g3 Bg7 4. Bg2 O-O 5. O-O d6 6. Nc3 e5 7. d4 Nbd7 8. h3
c6 9. Bg5 Qb6 10. Qd2 Re8 11. Be3 Qc7 12. dxe5 dxe5 13. Rfd1 Nb6 14. b3 Bf5 15.
Qd6 Qxd6 16. Rxd6 Ne4 17. Nxe4 Bxe4 18. Ng5 Bxg2 19. Kxg2 Bf8 20. Rd2 Bb4 21.
Rdd1 f5 22. h4 Rad8 23. Nf3 e4 24. Ng5 Bc3 25. Rab1 Bf6 26. a4 Nc8 27. Bf4 Rxd1
28. Rxd1 Rd8 29. Rh1 b6 30. h5 Bxg5 31. Bxg5 Rd7 32. hxg6 hxg6 33. Bf6 Kf7 34.
Bc3 c5 35. g4 Ne7 36. Kg3 fxg4 37. Kxg4 Nc6 38. Rh7+ Ke6 39. Rxd7 Kxd7 40. Kf4
1-0

[Event "XXVII C.to Italiano a squadre A1"]
[Site "ITA"]
[Date "1995.??.??"]
[Round "?"]
[White "Tirabassi, Maurizio"]
[Black "Malloni, Marcello"]
[Result "1/2-1/2"]
[WhiteElo "2330"]
[BlackElo "2195"]
[PlyCount "24"]
[EventDate "1995.01.25"]

1. Nf3 Nf6 2. c4 e6 3. Nc3 Bb4 4. Qb3 c5 5. a3 Ba5 6. g3 O-O 7. Bg2 Nc6 8. O-O
a6 9. d3 Rb8 10. Be3 d6 11. Rfd1 b5 12. cxb5 axb5 1/2-1/2

[Event "XXVII C.to Italiano a squadre A1"]
[Site "ITA"]
[Date "1995.??.??"]
[Round "?"]
[White "Vallifuoco, Giacomo"]
[Black "Gasser, Giorgio"]
[Result "1-0"]
[WhiteElo "2395"]
[BlackElo "2300"]
[PlyCount "45"]
[EventDate "1995.01.25"]

1. d4 c5 2. d5 e5 3. Nc3 d6 4. e4 g6 5. f4 Nd7 6. Nf3 Bg7 7. Nb5 Ke7 8. a4 a6
9. Na3 b6 10. Nc4 f6 11. Be2 Bb7 12. fxe5 Nxe5 13. Nfxe5 fxe5 14. Bg5+ Bf6 15.
Bd2 Kf7 16. O-O Kg7 17. Ra3 Rb8 18. Rb3 Ba8 19. Nxb6 Bg5 20. Bxg5 Qxg5 21. Nxa8
Rxa8 22. Rb7+ Ne7 23. Qc1 1-0

[Event "XXVII C.to Italiano a squadre A1"]
[Site "ITA"]
[Date "1995.??.??"]
[Round "?"]
[White "Verrascina, Roberto"]
[Black "Kovacevic, Vladimir"]
[Result "0-1"]
[WhiteElo "2225"]
[BlackElo "2265"]
[PlyCount "96"]
[EventDate "1995.01.25"]

1. Nf3 d5 2. b3 Bg4 3. Bb2 Nd7 4. d4 e6 5. Nbd2 f5 6. c4 c6 7. Qc2 Nh6 8. e3
Nf7 9. h3 Bxf3 10. gxf3 a5 11. e4 g6 12. Rc1 Bh6 13. cxd5 exd5 14. exf5 gxf5
15. Qxf5 Qg5 16. Qxg5 Nxg5 17. Rc2 Ne6 18. h4 Bg7 19. Rg1 Bxd4 20. Bh3 Ndf8 21.
Bxd4 Nxd4 22. Rc3 Kf7 23. Rd3 Nfe6 24. f4 Rae8 25. Kf1 c5 26. Bxe6+ Rxe6 27.
Rg5 Rd8 28. Rdg3 Rg6 29. Nf3 Nxf3 30. Rxf3 h6 31. Re5 Re6 32. Ke2 b5 33. Kd3
Rxe5 34. fxe5+ Ke6 35. Rf6+ Kxe5 36. Rxh6 c4+ 37. bxc4 bxc4+ 38. Kd2 Rb8 39.
Kc3 Rf8 40. Ra6 Rf3+ 41. Kb2 Rxf2+ 42. Ka3 Rh2 43. Rxa5 Rxh4 44. Ra8 Rh1 45.
Kb2 Kd4 46. a4 c3+ 47. Kb3 Kd3 48. Rg8 Rb1+ 0-1

[Event "XXVII C.to Italiano a squadre A1"]
[Site "ITA"]
[Date "1995.??.??"]
[Round "?"]
[White "Vezzosi, Paolo"]
[Black "Kovacevic, Vladimir"]
[Result "0-1"]
[WhiteElo "2305"]
[BlackElo "2265"]
[PlyCount "144"]
[EventDate "1995.01.25"]

1. e4 e6 2. d4 d5 3. e5 c5 4. c3 Nc6 5. Nf3 Bd7 6. a3 Rc8 7. b4 cxd4 8. cxd4 f6
9. Bd3 fxe5 10. dxe5 Nh6 11. Bb2 g6 12. O-O Bg7 13. Nbd2 O-O 14. Rc1 Nf5 15.
Nb3 Qe7 16. b5 Nd8 17. Rxc8 Bxc8 18. Qc1 Nf7 19. Qc5 Qxc5 20. Nxc5 b6 21. Nb3
Bd7 22. Rc1 Rc8 23. Rxc8+ Bxc8 24. g4 N5d6 25. Bd4 Nc4 26. Bxc4 dxc4 27. Nbd2
Bb7 28. h4 Bd5 29. Bb2 Kf8 30. Kf1 Ke8 31. Ke2 h5 32. gxh5 gxh5 33. a4 Nh6 34.
Ng5 Nf5 35. Nge4 Nxh4 36. Nd6+ Kd7 37. N6xc4 Ng6 38. Bd4 h4 39. Kf1 Bh6 40. Kg1
Bf4 41. Be3 Bxe5 42. Nxe5+ Nxe5 43. Bg5 h3 44. Kh2 Ng4+ 45. Kxh3 Nxf2+ 46. Kg3
Nd3 47. Be3 e5 48. Nb1 Kd6 49. Nc3 Nc5 50. Bc1 Ke6 51. Be3 Nb3 52. Kg4 Nd4 53.
Bf2 Bb3 54. Kg5 Bc2 55. Be3 Nb3 56. Kg4 Kd6 57. Kg5 Nc5 58. a5 bxa5 59. Kf6
Nd7+ 60. Kg5 Nb6 61. Kf6 a4 62. Bh6 Nd7+ 63. Kg7 Kc5 64. Kf7 Kc4 65. Ke7 Nb6
66. Ne2 a3 67. Bg7 Kd5 68. Nc3+ Kd4 69. Ne2+ Ke3 70. Nc1 e4 71. Kd6 Kd2 72. Na2
e3 0-1

[Event "XXVII C.to Italiano a squadre A1"]
[Site "ITA"]
[Date "1995.??.??"]
[Round "?"]
[White "Vezzosi, Paolo"]
[Black "Verrascina, Roberto"]
[Result "1/2-1/2"]
[WhiteElo "2305"]
[BlackElo "2225"]
[PlyCount "29"]
[EventDate "1995.01.25"]

1. d4 g6 2. c4 Bg7 3. Nc3 d6 4. e4 Nc6 5. Be3 e5 6. d5 Nce7 7. g4 f5 8. gxf5
gxf5 9. Qh5+ Ng6 10. exf5 Qh4 11. Qxh4 Nxh4 12. Nb5 Kd8 13. Nxa7 Bxf5 14. Nb5
Be4 15. f3 1/2-1/2

[Event "XXVII C.to Italiano a squadre A1"]
[Site "ITA"]
[Date "1995.??.??"]
[Round "?"]
[White "Visintin, Roberto"]
[Black "Ianniello, Riccardo"]
[Result "1-0"]
[WhiteElo "1600"]
[BlackElo "2320"]
[PlyCount "59"]
[EventDate "1995.01.25"]

1. e4 e6 2. d4 Ne7 3. Nf3 d5 4. Nc3 dxe4 5. Nxe4 Nf5 6. Bd3 Be7 7. O-O O-O 8.
c3 b6 9. Neg5 Nd7 10. g4 Nh6 11. Bxh7+ Kh8 12. Be4 Rb8 13. h3 Bd6 14. Bc2 Ba6
15. Re1 Re8 16. Ne5 Bxe5 17. dxe5 Qe7 18. Qf3 Bb7 19. Qg3 Rbd8 20. Ne4 Qf8 21.
Bg5 Rb8 22. Rad1 Bc6 23. Rxd7 Bxd7 24. Qd3 Bc6 25. Nf6 g6 26. Qg3 Nf5 27. gxf5
Kg7 28. Qh4 Qh8 29. Nxe8+ Qxe8 30. Bf6+ 1-0

[Event "XXVII C.to Italiano a squadre A1"]
[Site "ITA"]
[Date "1995.??.??"]
[Round "4"]
[White "Stavru, Alessandro"]
[Black "Manca, Federico"]
[Result "0-1"]
[WhiteElo "2230"]
[BlackElo "2390"]
[PlyCount "62"]
[EventDate "1995.01.25"]

1. e4 d6 2. d4 Nf6 3. Nc3 g6 4. Be2 Bg7 5. Nf3 O-O 6. Be3 c6 7. a4 a5 8. Nd2
Nbd7 9. O-O Qc7 10. f4 b6 11. Qe1 Bb7 12. Qh4 Rae8 13. Rf3 c5 14. Raf1 cxd4 15.
Nb5 Qxc2 16. Nxd4 Qxb2 17. Rh3 e5 18. fxe5 dxe5 19. Rb1 Qxb1+ 20. Nxb1 exd4 21.
Bh6 Rxe4 22. Qf2 Rfe8 23. Bf1 Ng4 24. Qd2 Bxh6 25. Rxh6 Nxh6 26. Qxh6 Re1 27.
Nd2 R8e2 28. Nf3 Bxf3 29. gxf3 d3 30. Qh3 d2 31. Qxd7 d1=Q 0-1

[Event "XXVII C.to Italiano a squadre A1"]
[Site "ITA"]
[Date "1995.??.??"]
[Round "5"]
[White "Luciani, Carlo"]
[Black "D'Amore, Carlo"]
[Result "0-1"]
[WhiteElo "2275"]
[BlackElo "2440"]
[PlyCount "58"]
[EventDate "1995.01.25"]

1. e4 g6 2. d4 Bg7 3. Nc3 d6 4. Be3 c6 5. h3 b5 6. a3 a6 7. g4 Nd7 8. f4 Nb6 9.
Nf3 h5 10. Rg1 hxg4 11. hxg4 d5 12. Ne5 Qc7 13. Qf3 Nf6 14. f5 Na4 15. Bd3 Nxc3
16. bxc3 c5 17. fxg6 c4 18. g5 cxd3 19. gxf7+ Kd8 20. gxf6 Qxc3+ 21. Kf1 Bxf6
22. Rg8+ Kc7 23. f8=Q Bh3+ 24. Qxh3 Rxh3 25. Qxa8 Qxa1+ 26. Kf2 Bh4+ 27. Rg3
Bxg3+ 28. Kf3 Qd1+ 29. Kg2 Qh1# 0-1

[Event "XXVII C.to Italiano a squadre A1"]
[Site "ITA"]
[Date "1995.??.??"]
[Round "6"]
[White "Gasser, Giorgio"]
[Black "Manca, Federico"]
[Result "0-1"]
[WhiteElo "2300"]
[BlackElo "2390"]
[PlyCount "77"]
[EventDate "1995.01.25"]

1. e4 d6 2. f4 Nf6 3. Nc3 g6 4. Nf3 Bg7 5. g3 c5 6. Bg2 Nc6 7. O-O O-O 8. h3
Rb8 9. d3 b5 10. g4 b4 11. Ne2 Nd7 12. Ng3 Ba6 13. a3 c4 14. Re1 cxd3 15. cxd3
Nc5 16. Bf1 Nd4 17. axb4 Rxb4 18. Be3 e5 19. Nxd4 exd4 20. Bc1 Qb6 21. Nh1 Rc8
22. Ra2 Qb5 23. Nf2 Ra4 24. Ra3 Rxa3 25. bxa3 Qa4 26. Bb2 Qxd1 27. Rxd1 Na4 28.
Ba1 Rb8 29. Rc1 Nc3 30. Bxc3 dxc3 31. e5 dxe5 32. Rxc3 exf4 33. Rc6 Bb5 34. Rc7
Bd4 35. Be2 Re8 36. Kf1 Re3 37. Rb7 f3 38. Bxf3 Rxf3 39. Rxb5 0-1

[Event "XXVII C.to Italiano a squadre A2"]
[Site "ITA"]
[Date "1995.??.??"]
[Round "?"]
[White "Abatino, Maurizio"]
[Black "Genovese, Maurizio"]
[Result "0-1"]
[WhiteElo "2330"]
[BlackElo "2255"]
[PlyCount "80"]
[EventDate "1995.??.??"]

1. d4 Nf6 2. c4 e6 3. Nc3 d5 4. cxd5 exd5 5. Bg5 c6 6. e3 Be7 7. Qc2 Qa5 8. Bd3
Na6 9. Nge2 Nb4 10. Qd2 Nxd3+ 11. Qxd3 O-O 12. O-O Re8 13. Ng3 g6 14. f3 Be6
15. Rfe1 b6 16. a3 c5 17. b4 cxb4 18. axb4 Qxb4 19. Nb5 Bd8 20. Bxf6 Bxf6 21.
Nc7 Rec8 22. Nxa8 Rxa8 23. Rec1 Qd6 24. Qa6 Qb8 25. Rc3 Bc8 26. Qb5 Qb7 27.
Rac1 Bd7 28. Qb3 Bd8 29. e4 Be6 30. Qb5 Bf6 31. Qd3 Rd8 32. Rc7 Qb8 33. e5 Bg5
34. R1c3 b5 35. Qb1 b4 36. R3c6 Be3+ 37. Kh1 Bxd4 38. f4 Bb6 39. Re7 Rc8 40.
Qc2 b3 0-1

[Event "XXVII C.to Italiano a squadre A2"]
[Site "ITA"]
[Date "1995.??.??"]
[Round "?"]
[White "Abatino, Maurizio"]
[Black "Zichichi, Alvise"]
[Result "1-0"]
[WhiteElo "2330"]
[BlackElo "2315"]
[PlyCount "70"]
[EventDate "1995.??.??"]

1. d4 d5 2. c4 c6 3. Nf3 Nf6 4. Nc3 a6 5. a4 g6 6. e3 Bg7 7. Bd3 O-O 8. Qb3
dxc4 9. Bxc4 Nbd7 10. a5 Qe8 11. Ne5 Rb8 12. O-O c5 13. f4 cxd4 14. exd4 b5 15.
axb6 Nxb6 16. Bxa6 Be6 17. Qc2 Nbd5 18. Qe2 Rb6 19. Bc4 Qc8 20. Na4 Rb4 21. Nc5
Bf5 22. b3 h5 23. Bd2 Rb6 24. Qe1 Rd6 25. Ra7 e6 26. Ba6 Qb8 27. Rb7 Qa8 28.
Bc4 Qa2 29. Qe2 Qb2 30. Nf3 Ng4 31. Na4 Qc2 32. Rc1 Qa2 33. Be1 Qxe2 34. Bxe2
Nxf4 35. Bf1 Be4 1-0

[Event "XXVII C.to Italiano a squadre A2"]
[Site "ITA"]
[Date "1995.??.??"]
[Round "?"]
[White "Adinolfi, Vincenzo"]
[Black "Biasizzo, Maurizio"]
[Result "1-0"]
[WhiteElo "1961"]
[BlackElo "1825"]
[PlyCount "187"]
[EventDate "1995.??.??"]

1. d4 Nf6 2. Nf3 e6 3. Bf4 b6 4. e3 Bb7 5. Bd3 Ne4 6. Nbd2 Nxd2 7. Qxd2 f5 8.
O-O-O Be7 9. h3 O-O 10. Rhg1 Be4 11. Ne1 Bg5 12. Bh2 Bxd3 13. Nxd3 Nc6 14. Kb1
d6 15. Qc3 Qe8 16. Qc4 Kh8 17. d5 exd5 18. Qxd5 Qe4 19. Nf4 Rae8 20. a3 Bxf4
21. Bxf4 Qxd5 22. Rxd5 Ne7 23. Rd4 Ng6 24. Bg3 Rf7 25. Kc1 Rfe7 26. Rgd1 Kg8
27. R1d3 Ne5 28. Rc3 Rf7 29. Kd2 Rfe7 30. Bxe5 dxe5 31. Rd5 c5 32. Ke2 g6 33.
Rcd3 Kg7 34. c4 e4 35. Rd2 a5 36. Rd6 Rb8 37. a4 Rf7 38. Re6 Rf6 39. Rd7+ Rf7
40. Rdd6 Rfb7 41. h4 Kh6 42. g3 Kh5 43. Kf1 Kg4 44. Kg2 Kh5 45. Kh3 Rc7 46. b3
Rcb7 47. Rf6 Rc8 48. g4+ fxg4+ 49. Kg3 Re8 50. Rd5+ Kh6 51. Kxg4 Kg7 52. Rf4
Re6 53. Rd8 Rbe7 54. Kg3 Re5 55. Rff8 R5e6 56. Rb8 Rd6 57. Rfd8 Rxd8 58. Rxd8
Re6 59. Rd7+ Kh6 60. Rb7 g5 61. hxg5+ Kxg5 62. Rxh7 Rd6 63. Rb7 Kf5 64. Kg2 Ke5
65. Kf1 Kf5 66. Ke2 Ke5 67. Rb8 Kf5 68. f3 exf3+ 69. Kxf3 Ke5 70. Ke2 Ke4 71.
Re8+ Kf5 72. Rf8+ Ke6 73. e4 Ke7 74. Rh8 Rg6 75. Kf3 Kd6 76. Kf4 Rf6+ 77. Ke3
Re6 78. Rh5 Rg6 79. Kf4 Kc6 80. e5 Rg1 81. Rh3 Rf1+ 82. Ke4 Kd7 83. Rd3+ Kc7
84. e6 Re1+ 85. Kf5 Rf1+ 86. Ke5 Re1+ 87. Kf6 Rf1+ 88. Ke7 Re1 89. Rf3 Rb1 90.
Kf8 Rh1 91. e7 Rh8+ 92. Kf7 Rh7+ 93. Ke6 Rh6+ 94. Rf6 1-0

[Event "XXVII C.to Italiano a squadre A2"]
[Site "ITA"]
[Date "1995.??.??"]
[Round "?"]
[White "Adinolfi, Vincenzo"]
[Black "Vancini, Edoardo"]
[Result "0-1"]
[WhiteElo "1961"]
[BlackElo "2300"]
[PlyCount "142"]
[EventDate "1995.??.??"]

1. Nf3 c5 2. c4 Nf6 3. Nc3 Nc6 4. g3 d5 5. cxd5 Nxd5 6. d3 Nc7 7. Bg2 e5 8. O-O
Be7 9. Be3 O-O 10. Nd2 Bd7 11. Nc4 b6 12. a4 Rc8 13. Nb5 Ra8 14. f4 exf4 15.
Nxc7 Qxc7 16. Bxf4 Qd8 17. a5 Rc8 18. axb6 axb6 19. Ra6 b5 20. Nb6 Nb8 21. Nxd7
Qxd7 22. Bxb8 Rxb8 23. Qb3 Bf6 24. Bd5 Qh3 25. Rf3 Qh6 26. Ra2 Qc1+ 27. Kg2 Qd2
28. Ra7 Kh8 29. Rxf7 Rfe8 30. Be4 Bd4 31. Qd5 Qxe2+ 32. Kh3 Bg1 33. Qf5 Qxh2+
34. Kg4 Rg8 35. b3 Rb6 36. Qh5 Qxh5+ 37. Kxh5 Bd4 38. Rd7 Rh6+ 39. Kg4 Rf6 40.
Rb7 Rxf3 41. Kxf3 Rf8+ 42. Kg2 b4 43. Bd5 g6 44. g4 Rf2+ 45. Kg3 Re2 46. Rf7
Re3+ 47. Rf3 Re5 48. Bc4 Kg7 49. Kh4 Kh6 50. Rf7 Be3 51. Rf3 Bd2 52. Bg8 Bf4
53. Kh3 Kg5 54. Kg2 Re7 55. Rh3 h6 56. Kf3 Re3+ 57. Kg2 Kxg4 58. Rxe3 Bxe3 59.
Bh7 g5 60. Bg8 h5 61. Bf7 Bd4 62. Be8 Kh4 63. Bd7 g4 64. Be8 Kg5 65. Kg3 h4+
66. Kg2 Kf4 67. Bd7 Be5 68. Bb5 h3+ 69. Kh2 Kf3+ 70. Kg1 g3 71. Bc6+ Kf4 0-1

[Event "XXVII C.to Italiano a squadre A2"]
[Site "ITA"]
[Date "1995.??.??"]
[Round "?"]
[White "Albano, Marco"]
[Black "Djuric, Stefan"]
[Result "0-1"]
[WhiteElo "2230"]
[BlackElo "2460"]
[PlyCount "125"]
[EventDate "1995.??.??"]

1. e4 e6 2. d4 d5 3. Nc3 Bb4 4. e5 c5 5. a3 Ba5 6. b4 cxd4 7. Nb5 Bc7 8. f4 Ne7
9. Nf3 Nbc6 10. Bd3 Bb8 11. Nbxd4 a5 12. Bb2 Bd7 13. b5 Nxd4 14. Bxd4 Ba7 15.
c3 Bb6 16. O-O Rc8 17. Kh1 h6 18. Nh4 Bxd4 19. cxd4 Qb6 20. Nf3 Nf5 21. Qa4 O-O
22. Rfc1 Rc7 23. Rxc7 Qxc7 24. Bxf5 exf5 25. Qb3 Be6 26. b6 Qc6 27. Kg1 Rc8 28.
Rb1 Bd7 29. Kf2 Qc2+ 30. Qxc2 Rxc2+ 31. Ke3 Rc3+ 32. Kd2 Rxa3 33. Rc1 Bc6 34.
e6 fxe6 35. Ne5 Rb3 36. Nxc6 bxc6 37. Rxc6 Kf7 38. Kc2 Rb4 39. Kc3 Rb1 40. Rc7+
Kf6 41. Ra7 Rxb6 42. Rxa5 g5 43. g3 gxf4 44. gxf4 Rb8 45. Ra2 Rb1 46. Kd2 Rb8
47. Ke2 Rb4 48. Kf3 Rxd4 49. Ra7 Rd3+ 50. Kf2 Rd2+ 51. Kg3 Re2 52. Rd7 Re3+ 53.
Kf2 Rh3 54. Kg2 Ra3 55. Kf2 Ra4 56. Kg3 Kg6 57. Re7 Ra6 58. Rd7 Kh5 59. Rg7
Ra3+ 60. Kf2 Rh3 61. Kg2 Rc3 62. Kf2 Rc6 63. Kg3 0-1

[Event "XXVII C.to Italiano a squadre A2"]
[Site "ITA"]
[Date "1995.??.??"]
[Round "?"]
[White "Albano, Marco"]
[Black "Manzardo, Bruno"]
[Result "1-0"]
[WhiteElo "2230"]
[BlackElo "2085"]
[PlyCount "77"]
[EventDate "1995.??.??"]

1. e4 e5 2. Nf3 Nc6 3. Bb5 f5 4. Nc3 fxe4 5. Nxe4 Nf6 6. d3 d5 7. Ng3 Bd6 8. c4
O-O 9. cxd5 Ne7 10. Ne4 Bg4 11. Bc4 Bb4+ 12. Kf1 Nfxd5 13. Qb3 Bxf3 14. Qxb4
Kh8 15. Qxb7 Bxe4 16. dxe4 Nb6 17. Be2 Qd4 18. f3 Nec8 19. Qxc7 Qxe4 20. Qc5
Qf5 21. Bd2 Nd7 22. Qa5 Ncb6 23. Bc3 Rfc8 24. Rd1 Rc5 25. Qb4 Nd5 26. Qb7 Rb8
27. Qxa7 Ne3+ 28. Kf2 Ng4+ 29. Ke1 Ngf6 30. g4 Qe6 31. Kf2 Re8 32. h3 Nd5 33.
Bd3 Rc7 34. Qa5 Rc5 35. Qa3 Qh6 36. Bd2 Qh4+ 37. Kg2 Nf4+ 38. Bxf4 exf4 39. Kf1
1-0

[Event "XXVII C.to Italiano a squadre A2"]
[Site "ITA"]
[Date "1995.??.??"]
[Round "?"]
[White "Aranovitch, Emiliano"]
[Black "Spinelli, Doriano"]
[Result "0-1"]
[WhiteElo "1900"]
[BlackElo "2155"]
[PlyCount "84"]
[EventDate "1995.??.??"]

1. d4 d5 2. Nf3 Nc6 3. c4 Bg4 4. e3 e6 5. Nc3 Bb4 6. cxd5 Qxd5 7. Be2 Nf6 8.
O-O Bxc3 9. bxc3 O-O 10. c4 Qd6 11. Qb3 a5 12. Ba3 Nb4 13. c5 Qd5 14. Bc4 Qe4
15. Ne1 b5 16. cxb6 Qc6 17. bxc7 Qxc7 18. Nd3 Ne4 19. Rfc1 Nd2 20. Qc3 Nxc4 21.
Bxb4 axb4 22. Qxc4 Qxc4 23. Rxc4 Be2 24. Rxb4 Bxd3 25. f3 Rfb8 26. Rxb8+ Rxb8
27. Kf2 Rb2+ 28. Kg3 Rb1 29. Rxb1 Bxb1 30. a3 Kf8 31. Kf4 Bc2 32. Ke5 Ke7 33.
Kf4 Kd6 34. Kg3 Kd5 35. Kf4 f6 36. h4 h6 37. Kg4 Ba4 38. Kh5 Be8+ 39. Kg4 Kc4
40. f4 h5+ 41. Kf3 Bc6+ 42. Kg3 f5 0-1

[Event "XXVII C.to Italiano a squadre A2"]
[Site "ITA"]
[Date "1995.??.??"]
[Round "?"]
[White "Astengo, Corrado"]
[Black "Barletta, Mauro"]
[Result "1-0"]
[WhiteElo "2170"]
[BlackElo "2230"]
[PlyCount "81"]
[EventDate "1995.??.??"]

1. e4 c5 2. Nf3 d6 3. d4 cxd4 4. Nxd4 Nf6 5. Nc3 Nc6 6. f4 Bg4 7. Qd3 g6 8. h3
Bd7 9. Be3 Bg7 10. Be2 O-O 11. O-O Rc8 12. Rad1 Nxd4 13. Bxd4 Qa5 14. Qe3 Be6
15. Bxa7 b5 16. a3 Rxc3 17. bxc3 Nxe4 18. Bb6 Qa4 19. Bd4 Nf6 20. Rb1 Nd5 21.
Qd2 Bxd4+ 22. cxd4 Rc8 23. Bxb5 Qxa3 24. c4 Qe3+ 25. Qf2 Qxf2+ 26. Rxf2 Nc3 27.
Rb4 Ra8 28. Rc2 Ra1+ 29. Kh2 Ne4 30. c5 h5 31. Bd3 Nf6 32. c6 Nd5 33. Rb8+ Kg7
34. c7 Nxf4 35. Be4 Rd1 36. Rb4 Bc8 37. Bb7 Bf5 38. c8=Q Bxc8 39. Rxc8 h4 40.
Bf3 Rd2 41. d5 1-0

[Event "XXVII C.to Italiano a squadre A2"]
[Site "ITA"]
[Date "1995.??.??"]
[Round "?"]
[White "Astengo, Corrado"]
[Black "Brovelli, Claudio"]
[Result "1-0"]
[WhiteElo "2170"]
[BlackElo "2081"]
[PlyCount "121"]
[EventDate "1995.??.??"]

1. e4 e6 2. d4 d5 3. Nd2 Nc6 4. Ngf3 Nf6 5. e5 Nd7 6. c3 f6 7. exf6 Nxf6 8. Bd3
Bd6 9. O-O O-O 10. Re1 Qe8 11. Nf1 Ne7 12. Ng3 c5 13. Be3 c4 14. Bc2 Ng6 15.
Ne5 Nxe5 16. dxe5 Bxe5 17. Bc5 Bc7 18. Bxf8 Qxf8 19. Re3 Qd6 20. Rf3 Bd7 21.
Qd2 Rf8 22. Qg5 Bc6 23. Rd1 h6 24. Qh4 Bb6 25. Nh5 Nxh5 26. Qxh5 Rxf3 27. gxf3
Qe7 28. Re1 Bc7 29. Qg6 e5 30. Bf5 Qf6 31. Rd1 Kf8 32. Qxf6+ gxf6 33. Be6 d4
34. cxd4 Bxf3 35. Rc1 exd4 36. Bxc4 Be5 37. Bd3 Bc6 38. h3 Ke7 39. b4 Kd6 40.
b5 Bd7 41. Kg2 Be6 42. a3 Bd5+ 43. Kf1 Be6 44. h4 Bf4 45. Rc2 Bd7 46. Ke2 Bg4+
47. f3 Bd7 48. a4 Be6 49. Be4 Bb3 50. Rb2 Bc4+ 51. Bd3 Be6 52. b6 a6 53. Bxa6
Kc6 54. Bd3 f5 55. a5 h5 56. Rc2+ Kd7 57. a6 bxa6 58. Bxa6 Bd5 59. b7 Bc6 60.
Rc5 d3+ 61. Kxd3 1-0

[Event "XXVII C.to Italiano a squadre A2"]
[Site "ITA"]
[Date "1995.??.??"]
[Round "?"]
[White "Astengo, Corrado"]
[Black "Corso, Sergio"]
[Result "1-0"]
[WhiteElo "2170"]
[BlackElo "2089"]
[PlyCount "89"]
[EventDate "1995.??.??"]

1. e4 c5 2. Nf3 e6 3. d4 cxd4 4. Nxd4 Nc6 5. Nb5 d6 6. Bf4 e5 7. Be3 a6 8. N5c3
b5 9. Nd5 Rb8 10. Nbc3 Be6 11. Qd2 Nf6 12. Bg5 b4 13. Bxf6 gxf6 14. Ne2 Bxd5
15. Qxd5 Qc7 16. Rd1 Rb5 17. Qd2 Rc5 18. Ng3 Nd4 19. Bxa6 Nxc2+ 20. Kf1 Qb6 21.
Bd3 Nd4 22. Ne2 Ne6 23. Rc1 h5 24. Rc4 Rxc4 25. Bxc4 Qc5 26. Qd3 h4 27. Qb3 Ke7
28. a3 bxa3 29. bxa3 Bh6 30. g4 Rc8 31. Bxe6 fxe6 32. Kg2 Qc2 33. Qb5 Rc5 34.
Qb7+ Rc7 35. Qb5 Qxe4+ 36. f3 h3+ 37. Kxh3 Qxf3+ 38. Ng3 Qxa3 39. Qb8 Qc3 40.
Rb1 Bg5 41. Qg8 Kd7 42. Rb6 Qc4 43. Qf7+ Kd8 44. Qf8+ Kd7 45. Rxd6# 1-0

[Event "XXVII C.to Italiano a squadre A2"]
[Site "ITA"]
[Date "1995.??.??"]
[Round "?"]
[White "Astengo, Corrado"]
[Black "Iudicello, Giovanni"]
[Result "0-1"]
[WhiteElo "2170"]
[BlackElo "2098"]
[PlyCount "52"]
[EventDate "1995.??.??"]

1. c4 g6 2. Nc3 Bg7 3. d4 Nf6 4. e4 d6 5. g3 O-O 6. Bg2 Nc6 7. Nge2 e5 8. d5
Ne7 9. O-O Nh5 10. Rb1 f5 11. f4 fxe4 12. fxe5 Bxe5 13. Bh6 Rxf1+ 14. Qxf1 Nf5
15. Bc1 e3 16. Nd1 Qg5 17. Qf3 Bd7 18. Nxe3 Nd4 19. Nxd4 Bxd4 20. Kh1 Re8 21.
Nf1 Qf5 22. Nd2 Re1+ 23. Bf1 Qh3 24. Qg2 Bf5 25. g4 Ng3+ 26. Qxg3 Rxf1+ 0-1

[Event "XXVII C.to Italiano a squadre A2"]
[Site "ITA"]
[Date "1995.??.??"]
[Round "?"]
[White "Barberi, Alessandro"]
[Black "Bianco, Valerio"]
[Result "0-1"]
[WhiteElo "2032"]
[BlackElo "2200"]
[PlyCount "72"]
[EventDate "1995.??.??"]

1. d4 d5 2. c4 c6 3. Nf3 Nf6 4. Nc3 e6 5. Bg5 dxc4 6. a4 Bb4 7. e4 b5 8. e5 h6
9. Bh4 g5 10. Nxg5 hxg5 11. Bxg5 Bxc3+ 12. bxc3 Qa5 13. Bxf6 Qxc3+ 14. Ke2 Rg8
15. h4 Rg4 16. Rh3 Qb2+ 17. Ke1 Rxd4 18. Qxd4 Qxd4 19. Rd1 Qxd1+ 20. Kxd1 Nd7
21. h5 Nxf6 22. exf6 Bb7 23. g4 O-O-O+ 24. Kc2 Rg8 25. Rg3 a6 26. Bg2 Rh8 27.
f4 c5 28. Bxb7+ Kxb7 29. Rh3 Kc6 30. g5 b4 31. g6 fxg6 32. hxg6 Rxh3 33. f7 b3+
34. Kc1 c3 35. Kd1 c2+ 36. Ke2 c1=Q 0-1